Cantos da torcida do Flamengo (#15) - Statistics

Estatísticas Gerais
  • Esse quiz foi jogado 47 vezes
  • A pontuação média é 13 de 15
Estatísticas das Respostas
Resposta % Correto
cala
100%
E
100%
ninguém
100%
chororô
98%
esse
98%
Chora
88%
Chora
86%
o
86%
o
86%
presidente
81%
time
81%
Chora
79%
o
79%
todo
79%
torcedor
79%
Nenhum quiz correspondente encontrado
Distribuição das Pontuações
Porcentagem de Pessoas com Cada Pontuação
Percentil de Números Respondidos
Sua Pontuação Histórica
Você não jogou esse quiz